| 000 | 01581cam a22003615i 4500 | ||
|---|---|---|---|
| 999 |
_c27769 _d27740 |
||
| 001 | 2157179 | ||
| 003 | EG-ScBUE | ||
| 005 | 20191121150230.0 | ||
| 008 | 990219s1999 enka f b 001 0 eng d | ||
| 020 | _a041521548X (hb : alk. paper) | ||
| 020 | _a9780415215480 (hb : alk. paper) | ||
| 040 |
_aDLC _beng _erda _cDLC _dDLC _dEG-ScBUE |
||
| 043 | _ae------ | ||
| 082 | 0 | 4 |
_a320.6094 _bTRA _222 |
| 245 | 0 | 4 |
_aThe transformation of governance in the European Union / _cedited by Beate Kohler-Koch, Rainer Eising. |
| 264 | 1 |
_aAbingdon, Oxon ; _aNew York : _bRoutledge / Taylor and Francis Group, _c1999. |
|
| 300 |
_axvi, 320 pages : _billustrations ; _c24 cm. |
||
| 336 |
_atext _btxt _2rdacontent |
||
| 337 |
_aunmediated _bn _2rdamedia |
||
| 338 |
_avolume _bnc _2rdacarrier |
||
| 490 | 0 |
_aStudies in European political science ; _v12 |
|
| 504 | _aIncludes bibliographical references and index. | ||
| 520 | _aTransformation of Governance in the European Union presents a theoretically informed typology of modes of governance which is tested in a careful selection of comparative country and policy studies. | ||
| 610 | 2 | 7 |
_aEuropean Union. _2BUEsh |
| 650 | 7 |
_aPolitical planning _zEuropean Union countries. _2BUEsh _98199 |
|
| 651 | 7 |
_aEuropean Union countries _xPolitics and government. _2BUEsh |
|
| 653 |
_bMASPPSS _cNovember2019 |
||
| 655 | _vReading book | ||
| 700 | 1 |
_aKohler-Koch, Beate, _d1941- _eeditor. |
|
| 700 | 1 |
_aEising, Rainer, _d1964- _eeditor. |
|
| 856 | 4 | 2 |
_3Publisher description _uhttp://www.loc.gov/catdir/enhancements/fy0650/99022359-d.html |
| 942 |
_2ddc _cBB |
||